Statistieken voor Winnaars Beker van België

Klik hier om de quiz te nemen!

Algemene statistieken

  • Deze quiz is 14 keer genomen
  • De gemiddelde score is 35 van 59

Antwoordstatistieken

HintAntwoord% Correct
1968 | 1970 | 1977 | +8 othersClub Brugge
100%
1998 | 2000 | 2009 | +2 othersKRC Genk
85%
1965 | 1972 | 1973 | +6 othersRSC Anderlecht
85%
1985Cercle Brugge
69%
1964 | 1984 | 2010 | 2022KAA Gent
69%
1987 | 2019KV Mechelen
69%
1966 | 1967 | 1981 | +4 othersStandard Luik
46%
1971 | 1979 | 2005Beerschot
38%
2012 | 2014KSC Lokeren
31%
1969 | 1999Lierse SK
23%
2006 | 2017SV Zulte Waregem
23%
1974KSV Waregem
15%
2001KVC Westerlo
15%
1992 | 2020Antwerp FC
8%
1990Club Liégeois
8%
1978 | 1983KSK Beveren
8%
2003RAA Louviéroise
8%
1980 | 1982Thor Waterschei
8%
1997KFC Germinal Ekeren
0%

Scoreverdeling

Percentiel versus Aantal Correcte Antwoorden

Procent van Mensen met Elke Score

Uw Scoregeschiedenis

U heeft deze quiz nog niet genomen